000 00870nam a22002177a 4500
999 _c9679
_d9679
003 AR-CdUCM
008 190328b ||||| |||| 00| 0 spa d
040 _aMUNICIPALIDAD PROVINCIAL DEL CUSCO
_cBIBLIOTECA MUNICIPAL DEL CUSCO
082 _a371 /
_bAN61 / 1941
100 _aAnselmo María,
_926044
245 _aMetodología especial para la enseñanza secundaria /
260 _aLima :
_c1941.
300 _a221 paginas ;
_c21 cm.
440 _aColección Bruño
_926045
505 _aContenido : Principios generales : el método de enseñanza, la forma de enseñanza -- Marcha de una lección de castellano -- Ejercicios de aplicación - conjugación de verbos ejercicios de invención...
650 _aMétodos de enseñanza
_94066
650 _aPlan de redacción
_926046
650 _aEnseñanza secundaria
_95214
942 _2ddc
_cLIBROS
945 _awnts